000 00847nam a22002297a 4500
008 081020t xxu||||| |||| 00| 0 eng d
010 _aENG-91387
020 _c125.00
035 _aEN-74920
037 _bDBAD / PUB
040 _adpl
_bEnglish
082 _a576.8
100 _aBama, S. Sathya
245 _aBiological evolution /
_cby S. Sathya Bama
260 _aChennai
_bThe PARKAR Publications
_c2008
270 _a293, Ahamed Complex, 2nd Floor, Royapettah High Raod, Royapettah,
_bChennai
_e6000014
300 _a104p.
_c21cm (pbk)
500 _aIncludes glossary
650 _aEvolution (Biology)
942 _2ddc
_cEN
_mBAM
_h576.8
999 _c16918
_d16918